Why Asians are less creative than Westerners / (Record no. 283291)
[ view plain ]
| 000 -LEADER | |
|---|---|
| fixed length control field | 00433nam a2200133Ia 4500 |
| 008 - FIXED-LENGTH DATA ELEMENTS--GENERAL INFORMATION | |
| fixed length control field | 150223s9999 xx 000 0 und d |
| 020 ## - INTERNATIONAL STANDARD BOOK NUMBER | |
| International Standard Book Number | 0130404756 |
| 050 ## - LIBRARY OF CONGRESS CALL NUMBER | |
| Classification number | BF 698.9 |
| Item number | .K98 2001 |
| 100 ## - MAIN ENTRY--PERSONAL NAME | |
| Personal name | Kwang, Ng Aik. |
| 245 ## - TITLE STATEMENT | |
| Title | Why Asians are less creative than Westerners / |
| Statement of responsibility, etc | Ng Aik Kwang. |
| 260 ## - PUBLICATION, DISTRIBUTION, ETC. (IMPRINT) | |
| Place of publication, distribution, etc | Singapore : |
| Name of publisher, distributor, etc | Prentice Hall, |
| Date of publication, distribution, etc | 2001 |
| 300 ## - PHYSICAL DESCRIPTION | |
| Extent | 230 pages : |
| Other physical details | Illustration ; |
| Dimensions | 22 cm. |
| 504 ## - BIBLIOGRAPHY, ETC. NOTE | |
| Bibliography, etc | Includes bibliography and Index. |
No items available.